[Event "Roncana op-C 12th"]
[Site "Santa Eulalia de Roncana"]
[Date "2018.11.17"]
[Round "7"]
[White "Fernandez Lunar, Alejandro"]
[Black "Polo Sanchez, Hector"]
[Result "1-0"]
[WhiteElo "1419"]
[BlackElo "1070"]
[PlyCount "43"]
[EventDate "2018.09.29"]
[EventType "swiss"]
[EventRounds "8"]
[EventCountry "ESP"]
[SourceTitle "EXT 2022"]
[Source "ChessBase"]
[SourceDate "2021.10.06"]
[SourceVersion "1"]
[SourceVersionDate "2021.10.06"]
[SourceQuality "1"]

1. e4 d5 2. exd5 Qxd5 3. Nc3 Qa5 4. Bc4 c6 5. d3 Qc7 6. Nf3 Nf6 7. a3 Bf5 8. 0-0 Nbd7 9. Bd2 e6 10. Qe2 Bd6 11. h3 0-0-0 12. Ne4 Nxe4 13. dxe4 Bg6 14. Bc3 e5 15. b4 Nf6 16. Nd2 b5 17. Bb3 Bh5 18. f3 c5 19. Qxb5 Bg6 20. Nc4 Be7 21. Bxe5 Qd7 22. Qb8# 1-0

[Event "Roncana op-C 11th"]
[Site "Santa Eulalia de Roncana"]
[Date "2017.10.07"]
[Round "3.9"]
[White "Polo Sanchez, Hector"]
[Black "Katz Garcia, Werner"]
[Result "0-1"]
[WhiteElo "1246"]
[BlackElo "1532"]
[PlyCount "59"]
[EventDate "2017.09.23"]
[EventType "swiss"]
[EventRounds "8"]
[EventCountry "ESP"]
[SourceTitle "EXT 2024"]
[Source "ChessBase"]
[SourceDate "2023.10.10"]
[SourceVersion "1"]
[SourceVersionDate "2023.10.10"]
[SourceQuality "1"]

1. e4 e5 2. Nf3 Nc6 3. Nc3 Nf6 4. Bc4 Bc5 5. 0-0 d6 6. d3 0-0 7. h3 h6 8. b3 Bd7 9. Bb2 Rc8 10. Nh2 Nd4 11. Qd2 Nh5 12. Nd5 Re8 13. Qe3 Nxc2 14. Qe2 Nxa1 15. Bxa1 c6 16. Nc3 Nf4 17. Qf3 Bxh3 18. gxh3 Nxh3+ 19. Kh1 Rf8 20. Qg3 Nf4 21. Nd1 Ne2 22. Qg2 Nf4 23. Qg3 Re8 24. Ne3 Qg5 25. Neg4 Ne2 26. Qg2 Qh4 27. Ne3 Nf4 28. Qg1 Qg5 29. Neg4 Nh3 30. Nf3 0-1

[Event "Roncana op-C 10th"]
[Site "Santa Eulalia de Roncana"]
[Date "2016.09.24"]
[Round "1"]
[White "Polo Sanchez, Hector"]
[Black "Salinas Tomas, Daniel"]
[Result "0-1"]
[WhiteElo "1217"]
[BlackElo "1473"]
[PlyCount "28"]
[EventDate "2016.09.24"]
[EventType "swiss"]
[EventRounds "8"]
[EventCountry "ESP"]
[SourceTitle "EXT 2018"]
[Source "ChessBase"]
[SourceDate "2017.10.13"]
[SourceVersion "1"]
[SourceVersionDate "2017.10.13"]
[SourceQuality "1"]

1. e4 c5 2. Nf3 Nc6 3. Nc3 d6 4. d3 Bg4 5. Be2 Bxf3 6. gxf3 g6 7. Bf4 e5 8. Be3 Qd7 9. 0-0 Bg7 10. Rc1 Nf6 11. a4 Nh5 12. Nd5 Qh3 13. Re1 Nf4 14. b3 Qg2# 0-1